00343nam a2200145Ia 4500008004100000082001300041100001600054245002400070250000800094260002800102300001300130500002400143650001400167700001600181230524s9999 xx 000 0 und d a546bSHA aD.F.Shriver 0aInorganic Chemistry a3RD aNEW DELHIbOxfordc2004 aXVII;749 aQuantity Number: 7 aChemistry a P.W.Atkins